000 00958nam2a2200205 4500
001 RU\NLR\PER_A\002547416_004370
005 20250626113712.0
035 _a(NLR Aleph) 011710156
090 _a11429374
_c11429374
100 _a20180521d2018 |||y0rusy50 ca
101 0 _arus
102 _aRU
200 0 _a2018, № 2 (459)
210 _d2018
_aБ. м.
461 0 _1001RU\NLR\INFOCOMM20\1000012850
_12001#$aНалоги$eБюл. Гос. налоговой инспекции по С.-Петербургу$v2018, № 2 (459)
_92989188
_cСПб.
_d1998-
_nЦентр подгот. персонала Гос. налоговой службы Рос. Федерации при Гос. налоговой инспекции по С.-Петербургу
_oБюл. Гос. налоговой инспекции по С.-Петербургу
_tНалоги
_v2018, № 2 (459)
852 _aNLR
_jП23/4470
942 _cISSUE
980 _aNB
980 _aRUSPER